[Podnikanie v agropotravinárstve]

Recenzia na publikáciu napísanú kolektívom vysokoškolských učiteľov na Ekonomickej univerzite v Bratislave.

Na minha lista:
Detalhes bibliográficos
Autor principal: Záležáková, Eliška
Formato: Capítulo de Livro
Idioma:eslovaco
Assuntos:
Tags: Adicionar Tag
Sem tags, seja o primeiro a adicionar uma tag!

MARC

LEADER 00000naa$a2200000$$$4500
001 0110393
005 20240502072222.1
041 0 |a slo 
044 |a SK 
245 1 0 |a [Podnikanie v agropotravinárstve]  |c Eliška Záležáková 
520 |a Recenzia na publikáciu napísanú kolektívom vysokoškolských učiteľov na Ekonomickej univerzite v Bratislave. 
610 2 0 |a agropotravinárstvo 
610 2 0 |a podnikanie 
610 2 0 |a recenzie 
100 1 |a Záležáková, Eliška